Statistiques concernant Ils sont nés un 13 août

Cliquez ici pour prendre le quiz!

Statistiques générales

  • Ce quiz a été pris 47 fois
  • Le résultat moyen est 3 sur 5

Statistiques - réponses

Réponse% Correct
Fidel Castro
93%
Manuel Valls
80%
Alfred Hitchcock
76%
Luis Mariano
62%
Jean Borotra
20%

Distribution des résultats

Percentile par nombre de réponses

% des personnes avec chaque résultat

Votre développement - résultats

Vous n’avez pas pris ce quiz